Miasta w USA z największą liczbą turystów zagranicznych - Statystyki

Ogólne statystyki
  • Ten quiz został rozwiązany 38 razy
  • Średni wynik to 5 z 7
Statystyki odpowiedzi
# Turystów Miasto % Poprawnych
13,6 mln Nowy Jork
100%
7,17 mln Los Angeles
94%
7,80 mln Miami
94%
2,90 mln San Francisco
79%
6,69 mln Las Vegas
76%
2,69 mln Honolulu
18%
5,27 mln Orlando
18%
Nie znaleziono quizów pasujących do podanych kryteriów
Rozkład punktacji
Procent ludzi z każdym wynikiem
Percentyl według liczby udzielonych odpowiedzi
Twoja historia wyników
Nie rozwiązałeś tego quizu